Mx̌ico - Rusia Culturas y sistemas jurd̕icos comparados

Bibliographic Details
Format: eBook
Language:Spanish
Published: Ciudad de Mx̌ico: Cm̀ara de Diputados, 2013
Subjects:
Online Access:Acceso restringido

MARC

LEADER 00000nam a22000007a 4500
005 20171008222358.0
007 cr|||| ||||
008 171008s2013 mx |||||s||||f00||0 spa d
020 |a 978-607-00-7241-3 
035 |a 20704 
040 |a vLex 
090 |c 7093  |d 7093 
245 0 0 |a Mx̌ico - Rusia  |h [Recurso electrn̤ico] :  |b Culturas y sistemas jurd̕icos comparados 
256 |a Servicio en ln̕ea 
260 |a Ciudad de Mx̌ico:  |b Cm̀ara de Diputados,  |c 2013 
300 |a 1 recurso electrn̤ico (413 p.) 
506 1 |a Disponible solo en los productos indicados  |d vLex Global  |d vLex Global (Academic Edition, excluding Law Schools)  |d vLex Global (U.S. Academic Edition, Law Schools)  |d vLex Global (U.S. Academic Edition, excluding Law Schools)  |d vLex Global (Academic Edition, Law Schools) 
650 0 4 |a Derecho Internacional  |z Mx̌ico 
650 0 4 |a Ciencias sociales  |z Mx̌ico 
740 0 |a vLex Libros (Servicio en ln̕ea) 
856 4 0 |u http://vlex.com/source/mexico-rusia-culturas-sistemas-juridicos-comparados-20704  |z Acceso restringido 
942 |c BOOK 
999 0 |a International Law 
999 0 |a Social sciences